El análisis institucional (Record no. 24347)

MARC details
000 -LEADER
campo de control de longitud fija 00615nam a2200193 i 4500
001 - NÚMERO DE CONTROL
campo de control 24347
003 - IDENTIFICADOR DE NÚMERO DE CONTROL
campo de control ES-MaACL
005 - FECHA Y HORA DE LA ÚLTIMA TRANSACCIÓN
campo de control 20230906153031.0
007 - CAMPO FIJO DE DESCRIPCIÓN FÍSICA--INFORMACIÓN GENERAL
campo de control de longitud fija t|
008 - DATOS DE LONGITUD FIJA--INFORMACIÓN GENERAL
campo de control de longitud fija 021217s1977 sp ||||1| spa d
245 03 - MENCIÓN DEL TÍTULO
Título El análisis institucional
Resto del título : (por un cambio de las instituciones) /
Mención de responsabilidad, etc. Lapassade... [et al.] ; edición de Juan C. Ortigosa.
250 ## - MENCION DE EDICION
Mención de edición [1ª ed.].
260 ## - PUBLICACIÓN, DISTRIBUCIÓN, ETC.
Lugar de publicación, distribución, etc. [Madrid] :
Nombre del editor, distribuidor, etc. Campo Abierto,
Fecha de publicación, distribución, etc. [1977]
300 ## - DESCRIPCIÓN FÍSICA
Extensión XXVI, 267 p. ;
Dimensiones 21 cm.
700 1# - ENTRADA AGREGADA--NOMBRE PERSONAL
Nombre de persona Lapassade.
9 (RLIN) 70136
700 1# - ENTRADA AGREGADA--NOMBRE PERSONAL
Nombre de persona Ortigosa, Juan C.
9 (RLIN) 87539
852 ## - LOCALIZACIÓN
Ubicación ES-MaACL
Número de control de estantería L-3161
Sublocalización o colección R.103953
852 ## - LOCALIZACIÓN
Ubicación ES-MaACL
Número de control de estantería A-7604
Sublocalización o colección R.96789
Holdings
Estatus retirado Estado de pérdida Estado de daño No para préstamo Biblioteca de origen Biblioteca actual Ubicación en estantería Fecha de adquisición Fuente de adquisición Total de préstamos Signatura topográfica completa Código de barras Visto por última vez Precio de reemplazo Tipo de ítem Koha
        Biblioteca del Ateneo de Madrid Biblioteca del Ateneo de Madrid Sala Pecera Planta 1 17/01/2008     A-7604 1025104 23/02/2023 23/02/2023 Libro impreso
        Biblioteca del Ateneo de Madrid Biblioteca del Ateneo de Madrid Depósito 2 17/01/2008     L-3161 1025103 23/02/2023 23/02/2023 Libro impreso